000 00542nam a2200229Ia 4500
003 OSt
005 20220918231402.0
006 a|||||r|||| 00| 0
007 ta
008 220917b |||||||| |||| 00| 0 eng d
024 _a278,952
037 _cTextual
040 _aARTS
_cARTS
_beng
041 _2eng
_aeng
082 _aP5921, L8
100 _aMacrea D
_9154418
245 0 _aLingvistica si cultura
260 _c1978
300 _a163p.
_ccm.
942 _hP5921, L8
_cTEXL
_2CC
999 _c290848
_d290848